LEADER 01257nam--2200385---450 001 990001400730203316 005 20210729122633.0 035 $a000140073 035 $aUSA01000140073 035 $a(ALEPH)000140073USA01 035 $a000140073 100 $a20040206d1964----km-y0itay0103----ba 101 0 $aita 102 $aIT 105 $a||||||||001yy 200 1 $aMiti e realtà dell'Imperialismo coloniale francese$e1871-1914$fHenri Brunschwig$gintroduzione di Aldo Garosci$gtraduzione di Guido Federico Poggi 210 $aBologna$cCappelli$d1964 215 $a275 p.$d22 cm 225 $aProblemi e figura di Storia contemporanea$v6 410 0$12001$aProblemi e figura di Storia contemporanea$v6 454 1$12001 461 1$1001-------$12001 700 1$aBRUNSCHWIG,$bHenri$0137291 702 $aPOGGI,$bGuido Federico 702 $aGAROSCI,$bAldo 801 0$aIT$bsalbc$gISBD 912 $a990001400730203316 951 $aX.3.B. 1448 (III E 516)$b19276 L.M.$cIII E 951 $aX.3.B. 1448a (III E 517)$b19107 L.M.$cIII E 951 $aVI.7.B. 2241$b04147 ISLA$cVI.7.$d543302 959 $aBK 969 $aUMA 969 $aISLA 996 $aMiti e realta' dell'imperialismo coloniale francese$9540400 997 $aUNISA LEADER 01233nam a2200313 i 4500 001 991002314209707536 005 20020508194116.0 008 971125s1994 ||| ||| | ger 020 $a8772892668 035 $ab10990677-39ule_inst 035 $aPARLA159481$9ExL 040 $aDip. di Filol. Class. e di Scienze Filosofiche$bita 041 0 $agergrc 082 0 $a481 100 1 $aSchartau, Bjarne$0538582 245 10$aCodices graeci Haunienses :$bein deskriptiver Katalog des griechischen Handschriftenbestandes der Königlichen Bibliothek Kopenhagen /$cvon Bjarne Schartau ; mit zwei Appendices von Erik Petersen 260 $aCopenhagen :$bMuseum Tusculanum Press,$c1994 300 $a615 p., [21] p. di tav. ;$c25 cm. 490 0 $aDanish humanist text and studies ;$v9 650 4$aCodicologia 650 4$aManoscritti greci$xCataloghi 650 4$aPaleografia greca 700 1 $aPetersen, Erik 907 $a.b10990677$b23-02-17$c28-06-02 912 $a991002314209707536 945 $aLE007 F 7263$g1$i2007000034576$lle007$o-$pE0.00$q-$rl$s- $t0$u0$v0$w0$x0$y.i11105276$z28-06-02 996 $aCodices graeci Haunienses$9864594 997 $aUNISALENTO 998 $ale007$b01-01-97$cm$da $e-$feng$gxx $h0$i1 LEADER 04043 am 2200781 n 450 001 9910136495903321 005 20160721 010 $a2-7535-4696-7 024 7 $a10.4000/books.pur.39839 035 $a(CKB)3710000000858576 035 $a(FrMaCLE)OB-pur-39839 035 $a(oapen)https://directory.doabooks.org/handle/20.500.12854/50059 035 $a(PPN)26795610X 035 $a(EXLCZ)993710000000858576 100 $a20160919j|||||||| ||| 0 101 0 $afre 135 $auu||||||m|||| 181 $ctxt$2rdacontent 182 $cc$2rdamedia 183 $acr$2rdacarrier 200 12$aL'imprimé et ses pouvoirs dans les langues romanes /$fRicardo Saez 210 $aRennes $cPresses universitaires de Rennes$d2016 215 $a1 online resource (368 p.) 311 $a2-7535-0921-2 330 $aFruit d?un travail collectif, le colloque international qui s?est tenu à Rennes les 5, 6 et 7 octobre 2006, portant sur l?imprimé et ses pouvoirs dans les langues romanes, s?est efforcé de penser, d?une part, les relations entre l?imprimerie et d?autres formes de diffusion, en particulier la copie et de situer, d?autre part, les pouvoirs du livre, cet objet nomade reproduit en série, par rapport à d?autres objets écrits tels les pamphlets, pétitions, affiches, formulaires, billets, certificats et bien d?autres ephemera ou travaux de ville qui ont constitué le plus clair des revenus des éditeurs. Posées sur temps et espace, les communications ici retenues tracent la courbe chronologique et thématique du colloque. Celle-ci se déploie dans son épaisseur temporelle et dans sa diversité géographique allant de l?Italie du Moyen Âge à l?Espagne du début du XXIe siècle en passant par le Portugal avant d?accoster en Amérique. Ont participé à ce colloque des chercheurs venus de plusieurs horizons : historiens du livre, historiens de l?art, spécialistes de la culture écrite et de l?histoire culturelle, des littéraires rompus à l?exégèse des textes et au conflit des interprétations, des hispanistes, des italianistes, des lusistes mais également des américanistes travaillant sur la période médiévale, les Temps modernes et l?époque contemporaine. Pour mener à bien un tel projet, il était de bonne méthode de croiser langues et cultures, histoires et pays, méthodes et pratiques convoquant ainsi la variété des supports et la pluralité des voix des domaines ici interrogés. 606 $aLiterature (General) 606 $aédition 606 $alangue romane 606 $ahistoire 606 $alivre 606 $aécritures 610 $ahistoire 610 $aécritures 610 $aédition 610 $alangue romane 610 $alivre 615 4$aLiterature (General) 615 4$aédition 615 4$alangue romane 615 4$ahistoire 615 4$alivre 615 4$aécritures 700 $aBelo$b André$01304149 701 $aBigot$b Claude Le$01283071 701 $aBorras$b Gérard$0914495 701 $aBotrel$b Jean-François$0385090 701 $aBrogowski$b Leszek$01293034 701 $aCastellano$b Philippe$01304150 701 $aChartier$b Roger$062912 701 $aCoadou$b Bénédicte$01304134 701 $aDumanoir$b Virginie$0496641 701 $aGómez$b Antonio Castillo$01286971 701 $aGuégo$b Christine Rivalan$01283074 701 $aGuérin$b Philippe$01233178 701 $aLesage$b Claire$0738890 701 $aRodrigues$b Denis$01281728 701 $aSablonnière$b Catherine$01304145 701 $aSaez$b Ricardo$01285851 701 $aSánchez$b Antonia Amo$01304151 701 $aSuescun$b Anaïs Gonzalez$01304152 701 $aVittori$b Gérard$01283090 701 $aVivo$b Filippo de$0328121 701 $aSaez$b Ricardo$01285851 801 0$bFR-FrMaCLE 906 $aBOOK 912 $a9910136495903321 996 $aL'imprimé et ses pouvoirs dans les langues romanes$93027318 997 $aUNINA